Descentralización y reforma constitucional (Registro nro. 6339)

Detalles MARC
000 -LEADER
fixed length control field 01157 a2200205 4500
001 - CONTROL NUMBER
control field 57954
005 - DATE AND TIME OF LATEST TRANSACTION
control field 20260407155839.0
008 - FIXED-LENGTH DATA ELEMENTS--GENERAL INFORMATION
fixed length control field 260407a1987 arg spa d
003 - CONTROL NUMBER IDENTIFIER
control field AR-UNSa-BCEJYS
040 ## - CATALOGING SOURCE
Original cataloging agency AR-UNSa-BCEJYS
Language of cataloging spa
Transcribing agency AR-UNSa-BCEJYS
080 ## - UNIVERSAL DECIMAL CLASSIFICATION NUMBER
Universal Decimal Classification number 342.25
Common auxiliary subdivision Centralización y descentralización. Autonomía regional. Transferencia de poderes. Autonomía local (Home rule). Órganos locales del gobierno central
100 1# - MAIN ENTRY--PERSONAL NAME
Personal name Peñalva, Susana
245 10 - TITLE STATEMENT
Title Descentralización y reforma constitucional
264 #1 - PRODUCTION, PUBLICATION, DISTRIBUTION, MANUFACTURE, AND COPYRIGHT NOTICE
Place of production, publication, distribution, manufacture Buenos Aires :
Name of producer, publisher, distributor, manufacturer Fundación Friedrich Ebert
Date of production, publication, distribution, manufacture, or copyright notice 1987
300 ## - PHYSICAL DESCRIPTION
Extent 64 p.
Dimensions 20 cm.
505 ## - FORMATTED CONTENTS NOTE
Formatted contents note Primera parte: por Susana Peñalva - 1. Una reflexión sobre descentralización y democratización: a propósito de la reforma del Estado - 2. Sobre la experiencia internacional bajo el signo de la descentralización - 3. Una recapitulación para América Latina: el rumbo de la descentralización en el marco de la crisis / Segunda parte: por Alejandro Rofman - 1. Procesos socio-económicos y descentralización - 2. Consideraciones finales
590 ## - LOCAL NOTE (RLIN)
Local note niveau_biblio:m niveau_hierar:0
700 1# - ADDED ENTRY--PERSONAL NAME
Personal name Rofman, Alejandro
942 ## - ADDED ENTRY ELEMENTS (KOHA)
Koha item type
Existencias
Withdrawn status Lost status Damaged status Not for loan Home library Current library Shelving location Date acquired Total checkouts Full call number Barcode Date last seen Price effective from Koha item type
        Biblioteca Prof. Eusebio Cleto del Rey Biblioteca Prof. Eusebio Cleto del Rey   07/04/2026   342.25 P397 L53004 07/04/2026 07/04/2026 Libro